Zdaňovanie FO - vybrané zmeny
Od 1.1. 2018 nadobudol účinnosť vládny návrh zákona, ktorým sa mení a dopĺňa zákon č. 595/2003 Z. z. o dani z príjmov v znení neskorších predpisov a ktorým sa mí zákon č. 563/2009 Z. z. o správe daní a o zmene a doplnení niektorých zákonov v znení neskorších predpisov. Ilustračné prílohy.
Salvato in:
| Autore principale: | |
|---|---|
| Natura: | Capitolo di libro |
| Lingua: | slovacco |
| Soggetti: | |
| Tags: |
Nessun Tag, puoi essere il primo ad aggiungerne!!
|
MARC
| LEADER | 00000naa a2200000 4500 | ||
|---|---|---|---|
| 001 | 0240186 | ||
| 005 | 20180213085547.4 | ||
| 041 | 0 | |a slo | |
| 044 | |a SK | ||
| 245 | 1 | 0 | |a Zdaňovanie FO - vybrané zmeny |c Marta Boráková |
| 520 | |a Od 1.1. 2018 nadobudol účinnosť vládny návrh zákona, ktorým sa mení a dopĺňa zákon č. 595/2003 Z. z. o dani z príjmov v znení neskorších predpisov a ktorým sa mí zákon č. 563/2009 Z. z. o správe daní a o zmene a doplnení niektorých zákonov v znení neskorších predpisov. Ilustračné prílohy. | ||
| 610 | 2 | 0 | |a zdaňovanie |
| 610 | 2 | 0 | |a osoby fyzické |
| 610 | 2 | 0 | |a legislatíva |
| 610 | 2 | 0 | |a novelizácia |
| 610 | 2 | 0 | |a zamestnávatelia |
| 610 | 2 | 0 | |a dane |
| 100 | 1 | |a Boráková, Marta | |